[Event "NED-ch52"]
[Site "Rotterdam"]
[Date "1997.07.03"]
[Round "11"]
[White "Cifuentes Parada, Roberto"]
[Black "Piket, Jeroen"]
[Result "0-1"]
[WhiteElo "2515"]
[BlackElo "2640"]
[Annotator "Cifuentes Parada,L"]
[PlyCount "41"]
[EventDate "1997.06.21"]
[EventType "tourn"]
[EventRounds "11"]
[EventCountry "NED"]
[EventCategory "12"]
[SourceTitle "CBM 060"]
[Source "ChessBase"]
[SourceDate "1997.09.29"]
[SourceVersion "1"]
[SourceVersionDate "1997.09.29"]
[SourceQuality "1"]

1. d4 {Donev} d5 2. c4 e6 3. Nf3 Nf6 4. Bg5 Be7 5. Nc3 O-O 6. e3 h6 7. Bf4 {
Donev: Auf den ersten Blick scheint der Läuferzug ein Thempoverlust
Bc1-Bg5-Bf4 zu sein. Aber der Anziehende hat eine versteckte Idee (siehe 14.
Zug) im Sinn, die mit der provozierten Schwäche des schwarzen Bauernzuges
h7-h6 verbunden ist.} c5 8. dxc5 Bxc5 9. cxd5 Nxd5 10. Nxd5 exd5 11. Bd3 $6 (
11. a3) 11... Bb4+ 12. Ke2 Nc6 (12... Be6 $6 13. Bc2 Nd7 14. Qd3 Nf6 15. Be5 $1
Ne4 16. Bxg7 $1 Kxg7 17. Qd4+ Qf6 18. Qxb4 Rac8 19. Bd3 Bg4 20. h3 a5 21. Qa3
Bxf3+ 22. gxf3 Nc5 23. Rhg1+ Kh8 24. Qc3 $1 (24. Rad1 $6 d4 $1 $13 {Blanco
Fernández-Garcia,Gi /Matanzas 1995  -65/436}) 24... Qxc3 25. bxc3 Na4 26. Kd2
Nxc3 27. Rgc1 Na4 28. Rab1 Rxc1 29. Rxc1 Rb8 30. Bb5 Nb6 31. Kd3 Kg7 32. Kd4
Kf6 33. Rc7 Ke6 34. Kc5 Nc4 35. e4 $1 b6+ 36. Kd4 Ne5 37. exd5+ Kf5 38. d6 $16)
13. Bc2 Re8 (13... Ne7 14. Qd4 {/\ Rhd1, Kf1}) 14. Qd3 {[%cal Yf4h6,Yd3h7]
Donev: Jetzt sehen wir, warum der Anziehende den Zug 8...h7-h6 provoziert hat.
Nach der natürlichen Verteidigung g7-g6 geht der Bauer h6 verlorent.} g6 $3 {N}
(14... Qf6 15. a3 $1 (15. Rhd1 $6 Bg4 (15... g6 $2 16. Bxh6 Bf5 17. Qb3 Bxc2
18. Qxc2 d4 19. Kf1) (15... Qxb2 $142 {Polgar,Zsu} 16. Qh7+ (16. a3 g6 $1 (
16... Bc5 $6 17. Qh7+ Kf8 18. Rab1 Qf6 19. Rxd5 Bxa3 20. Rb3 $36) 17. Rdb1 Qf6
18. Bxh6 Bf5 19. Qb3 Bxc2 20. Qxc2 Bc3 21. Ra2 Nd4+ 22. Nxd4 Bxd4 $11) 16...
Kf8 17. Rab1 Qf6 18. Rxd5 Be6 19. Rxb4 (19. Ne5 $2 g5) 19... Bxd5 20. Rxb7 Nd4+
$1 21. Nxd4 Bxb7 22. Nf5 Qa6+ 23. Bd3 Qxa2+ 24. Kf1 Qa1+ 25. Ke2 Qa2+ $11) 16.
Qh7+ (16. a3 $5 {Polgar,Zsu} g6 (16... Bc5 17. Qh7+ Kf8 18. Rxd5 Qxb2 19. Rb1
$40 (19. Rxc5 Nd4+ (19... Qxa1 $2 20. Bd6+ Ne7 21. Qh8#) 20. Kd2 Nb3+ 21. Ke2
Nd4+ $11)) 17. Kf1 $14 (17. Bxh6 $2 Ne5 18. Qxd5 Be6 19. Qd4 Bc4+ 20. Bd3 Rad8
$19 (20... Nxd3 21. Qxc4 (21. Qxf6 $4 Nf4#))) (17. axb4 Nxb4 18. Qc3 Qxf4 (
18... Qxc3 $2 19. bxc3 Nxc2 20. Ra2 $18) 19. Rd4 Bxf3+ (19... Qxd4 $2 20. Qxd4
Bxf3+ 21. Kd2 $1) 20. gxf3 Qxd4 $1 21. Qxd4 Nxc2 $17)) 16... Kf8 17. a3 (17.
Rxd5 $142 {Polgar,Zsu} Be6 18. Rdd1 (18. Rg5 $4 {/\ 19. Rg7 Qg7 20. Bh6+-} hxg5
19. Bxg5 Bc4+ 20. Kd1 Qd6+ {/\ f6-+}) (18. Ne5 g5 $1 (18... Bxd5 $4 19. Nd7+) (
18... Nxe5 19. Bxe5 Qg5 20. Bd6+ $18) 19. Bg3 Nxe5 20. Bxe5 Bg4+ 21. f3 Rxe5
22. Rxe5 Qxe5 23. fxg4 Rd8) 18... Bc4+ (18... Qxf4 $4 19. Qh8+ (19. exf4 $4
Bc4#) 19... Ke7 20. Qxe8+ $18) 19. Bd3 Bxd3+ 20. Qxd3 Qxb2+ 21. Kf1 Kg8 (21...
Rad8 22. Qh7) 22. Qb5 $1 Re7 23. Bd6 a6 24. Qb6 Rd7 25. Bxb4 (25. Rdb1 Qc3 26.
Bxb4 Nxb4 27. Qxb4 $140 $2 Rd1+ $1) 25... Qxb4 26. Qxb4 Rxd1+ 27. Rxd1 Nxb4 28.
a3 Nc6 29. Rd7 b5 30. Rc7 $16) 17... g5 (17... Bd6 $1 18. Bxd6+ Qxd6 19. Kf1
Bxf3 20. gxf3 Qxh2 21. Rxd5 Qh1+ 22. Ke2 Qxa1 23. Rd7 Ne7 24. Qh8+ Ng8 25. Bh7
Qxb2+ 26. Kd1 (26. Kf1 $2 Qb5+) 26... Qb3+ 27. Kd2 $11) 18. Bg3 Bd6 19. Kf1 (
19. Bxd6+ Qxd6 20. Kf1 (20. Bb3 Qf6 21. Bxd5 $140 $4 Bf5 $19)) 19... Bxg3 20.
hxg3 Bxf3 21. gxf3 Rxe3 $1 22. fxe3 Qxf3+ 23. Kg1 Qxg3+ 24. Kh1 Qh3+ 25. Kg1
Qg3+ {1/2-1/2,Polgar,Zsu.-Chiburdanidze,M/Sant Petersburg (m/1) 1995}) (15.
Qh7+ {Donev} Kf8 16. a3 $14) 15... g6 (15... Qxf4 $2 16. Qh7+ Kf8 17. Qh8+ Ke7
18. Qxe8+ Kxe8 19. exf4 $18) (15... Bc5 16. Rhd1 {ץc5} Qxb2 (16... Be6 17. b4
$1) 17. Rab1 Qxa3 18. Qh7+ Kf8 19. Qh8+ Ke7 20. Qxg7 b6 (20... Nb4 21. Qe5+ $18
) 21. Ne5 $1 Nxe5 22. Qxe5+ Be6 23. Ra1 $1 Qb4 24. Rdb1 $18) (15... Bd6 16.
Qh7+ Kf8 17. Bxd6+ Qxd6 18. Qh8+ Ke7 19. Qxg7 $18) 16. Bxh6 Bg4 (16... Bf5 17.
Qb3 Bxc2 18. Qxc2) 17. axb4 Nxb4 18. Qc3 $1 (18. Qb3 Nxc2 19. Qxc2 Bxf3+ 20.
gxf3 Qh4 21. Rad1 $14) 18... Qxc3 19. bxc3 Nxc2 20. Ra2 Bf5 (20... Kh7 21. Bf4
Bf5 22. Nh4 $18) 21. Nh4 Be4 22. f3 Kh7 23. Bf4 g5 24. Bxg5 Bg6 25. Nxg6 Kxg6
26. h4 $18) 15. Bxh6 Bg4 {With the idea 16..,Bxf3 17.gxf3 Qh4 winning the
bishp on h6.} (15... Bf5 $6 {Donev} 16. Qb3 Bxc2 17. Qxc2 Rc8 18. Qb3 $16) 16.
a3 (16. Bf4 {Donev} Qf6 $17) (16. h3 {Donev} Bxf3+ 17. gxf3 Qh4 {[%cal Rh4h6]}
18. Bf4 Qxf4 $19) 16... Ne5 $1 17. Qd4 $2 (17. Qb3 $8 Qh4 $5 (17... Bxf3+ 18.
gxf3 Qf6 19. f4 (19. Qxb4 $2 Qxf3+ 20. Kd2 Nc4+ 21. Kc3 (21. Kd3 {Donev} Rac8
$19) 21... Qf6+ 22. Kd3 Qxf2 23. Kc3 a5 $1 24. Qb5 Qf6+ 25. Kd3 Qf5+ 26. Kc3
d4+ $19) 19... Qa6+ 20. Kd1 Ng4 21. Qxb4 Nxh6 $13) (17... Qf6 18. Qxb4 Bxf3+
19. Kf1 Rac8 (19... Bxg2+ 20. Kxg2 Qf3+ 21. Kg1 Qh3 22. Bd1 Qxh6 $15) 20. Bb3
Be4 $17) 18. Bf4 (18. Qxb4 Qxh6 19. h3 Bxf3+ 20. gxf3 Rac8 21. Bb3 Qh5 22. Qf4
d4 $1 $40) 18... Bxf3+ 19. gxf3 Nc6 20. Kf1 Qh3+ 21. Kg1 Ne5 22. Bd1 Bc5 $44) (
17. Qb5 {Donev} Qf6 18. axb4 Bxf3+ 19. gxf3 Qxf3+ 20. Kd2 Nc4+ $19) 17... Bc5
$1 {Donev: Mit einigen starken Zügen hat der Nachziehende die Initiative
erobern.} 18. Qf4 $138 (18. Qxc5 Rc8 19. Qd4 Rxc2+ 20. Kf1 Bxf3 21. gxf3 Kh7 $1
$19) 18... Qb6 19. b4 (19. Rhb1 {Donev} Qa6+ 20. Ke1 Bd6 $17) 19... Qa6+ 20.
Kd2 (20. Ke1 Bxf3 21. gxf3 Bd4 $1 22. Rb1 Bc3+ (22... Nd3+ {Donev} 23. Bxd3
Qxd3 $19) 23. Kd1 Nd3 24. b5 Qxa3 25. Bxd3 Be5 $1 $19) 20... Bd6 $1 $19 21. Qf6
$2 (21. Qf6 Bxb4+ $19) (21. Nxe5 Qe2+ 22. Kc1 Bxe5 $19) (21. Kd1 $142 {Donev}
Nd3 $17) (21. Qxe5 {Donev} Bxb4+ $19) 0-1

[Event "Balkaniad-08 Men"]
[Site "Athens "]
[Date "1976.10.??"]
[Round "2"]
[White "Suba, Mihai"]
[Black "Kurajica, Bojan"]
[Result "1-0"]
[WhiteElo "2450"]
[BlackElo "2525"]
[Annotator "Ciocaltea,V"]
[PlyCount "68"]
[EventDate "1976.10.09"]
[EventType "team-tourn"]
[EventRounds "9"]
[EventCountry "GRE"]
[SourceTitle "EXT 2010"]
[Source "ChessBase"]
[SourceDate "2010.11.25"]
[SourceVersion "1"]
[SourceVersionDate "2010.11.25"]
[SourceQuality "1"]
[WhiteTeam "Romania"]
[BlackTeam "Yugoslavia"]
[WhiteTeamCountry "ROU"]
[BlackTeamCountry "YUG"]

1. c4 e6 2. Nc3 d5 3. d4 Nf6 4. Bg5 Be7 5. e3 h6 6. Bxf6 Bxf6 7. Nf3 O-O 8. Qd2
Nc6 9. Rc1 dxc4 10. Bxc4 e5 11. d5 Ne7 12. h3 g6 (12... Nf5 $142 $5) 13. e4 Kh7
14. O-O a6 15. Rfd1 Qd6 16. Qc2 Bd7 17. Bd3 Ng8 18. Na4 Be7 19. Nc5 Bc8 20. Nb3
Bd8 21. Na5 Qf6 22. Be2 Qg7 23. Nc4 f6 24. a4 h5 25. Qb3 Rf7 26. d6 c6 27. Nb6
Bxb6 28. Qxb6 Be6 29. Ne1 Rd7 30. Nd3 Rxd6 31. Nc5 Rxd1+ 32. Rxd1 Re8 33. Rd8
Re7 34. Nxe6 Rxe6 1-0

[Event "Bundesliga 0304"]
[Site "Germany"]
[Date "2003.12.14"]
[Round "6.2"]
[White "Krivoshey, Sergei"]
[Black "Kasimdzhanov, Rustam"]
[Result "0-1"]
[WhiteElo "2495"]
[BlackElo "2668"]
[Annotator "Dautov,R"]
[PlyCount "118"]
[EventDate "2003.11.01"]
[EventType "team-tourn"]
[EventRounds "15"]
[EventCountry "GER"]
[SourceTitle "CBM 099"]
[Source "ChessBase"]
[SourceDate "2004.03.30"]
[SourceVersion "1"]
[SourceVersionDate "2004.03.30"]
[SourceQuality "1"]
[WhiteTeam "Hofheim"]
[BlackTeam "Solingen"]
[WhiteTeamCountry "GER"]
[BlackTeamCountry "GER"]

1. Nf3 d5 2. d4 Nf6 3. c4 e6 4. Nc3 Be7 5. Bg5 h6 6. Bxf6 Bxf6 7. e3 O-O 8. Qb3
dxc4 9. Bxc4 c5 10. d5 $146 {Eine Neuerung. M.E. gibt Weiß 10.dxc5 mehr
Chancen um den Eröffnungsvorteil zu kämpfen.} (10. Rd1 cxd4 11. Nxd4 Qe7 12.
O-O Rd8 $11) (10. dxc5 Nd7 (10... Qa5 11. O-O Nd7 12. c6) 11. c6 (11. Qa3 $5
Bxc3+ 12. Qxc3 Nxc5 13. O-O b6 14. Rfd1 Qf6 15. Qxf6 gxf6 16. Rac1 Bb7 17. b4
Ne4 18. Rd7 Rfc8 19. Rxb7 Nd6 20. Rd7 Rxc4 $11 {Fressinet,L-Marcelin,C/Val
d'Isere 2002}) 11... bxc6 12. O-O Nc5 (12... Rb8 $1 13. Qc2 Ne5 14. Nxe5 Bxe5
$11) 13. Qc2 Qa5 14. Rac1 Rb8 15. b3 Ba6 16. Bxa6 Qxa6 17. Rcd1 Qa5 18. Nd4 $14
{Chiricuta Kantor,I-Marin,L/ROM 1992}) 10... Bxc3+ 11. bxc3 (11. Qxc3 exd5 12.
O-O-O Be6 13. Bxd5 Qb6 $11) 11... exd5 12. Bxd5 Qc7 13. O-O Nc6 14. c4 Bd7 15.
Rfd1 Rfe8 $11 {Die Stellung ist ausgeglichen. Der zentralisierte weiße Läufer
ist zweifelsohne stark, dafür verfügt Schwarz über die bessere Bauernstruktur.
Vor allem der weiße Bauer c4 kann leicht schwach werden.} 16. a3 Rac8 17. h3
Be6 18. Bxe6 $6 {Erleichtert Schwarz lediglich das Manövrieren. Weiß war
keineswegs gezwungen, die Läufer abzutauschen, vorzuzienen war 18.Rd2 nebst 19.
Rad1.} (18. Rd2 b6 19. Rad1 Bxd5 20. cxd5 $5 Ne5 (20... Na5 21. Qa4 $1 $14 {
/\e4-e5}) 21. Nxe5 Rxe5 22. Qa4 $11) 18... Rxe6 19. Rd5 Ne7 20. Rd3 Nf5 $1 {
[%mdl 32] Der schwarze Springer nimmt die Schwäche c4 ins Visier.} 21. Rad1 Rd6
{Es ist für Schwarz günstig, alle Türme abzutauschen, denn mit jedem Abtausch
"wiegt" die Schwäche c4 mehr.} 22. Rxd6 $6 {Erneut ungenau gespielt, der
schwarze Springer findet nun einen guten Posten auf f6.} (22. Rd5 $1 Rxd5 23.
Rxd5 (23. cxd5 $6 Nd6 $15) 23... Ne7 24. Rd2 Nc6 25. Rd5 b6 26. Qd3 $11) 22...
Nxd6 23. Rd5 (23. Qd3 Rd8 24. e4 b6 {/\Nb7}) 23... Ne4 $1 24. Qb2 Nf6 25. Rd3
Re8 $1 $15 {Schwarz hat bereits eine leicht bessere Stellung. Sein Springer
deckt das Einbruchfeld d7, so daß die offene d-Linie an Bedeutung verliert.
Außerdem kann der Anziehende auf Dauer den Turmabtausch nicht verhindern.} 26.
a4 b6 27. Qb5 (27. Qd2 Re7 28. Rd8+ Kh7 29. Qd3+ g6 30. Rd6 Rd7 $15) 27... Re6
{Der zweite Turm wird auf gleichem Wege abgetauscht.} 28. Qb2 Ne4 29. Rd5 Nf6
30. Rd1 Rd6 31. Rxd6 Qxd6 32. Qd2 Qe7 {Keine Eile! Kasimdzhanov sucht eine
bessere Version für den Damentausch.} (32... Qxd2 33. Nxd2 Kf8 $15) 33. Qd3 ({
Nach} 33. a5 $5 Ne4 34. Qa2 Qe6 35. axb6 Qxb6 $15 {/\a5 könnte Weiß Probleme
mit dem schwarzen Freibauer a7 bekommen.}) 33... g6 (33... Qe4 34. Qb3) 34. g3
$6 {Eine neue Ungenauigkeit, und die weiße Stellung wird sehr kritisch.
Notwendig war 34.Nd2.} (34. Nd2 Qe5 35. Qa3 $15 {/\a5}) 34... Qe4 $1 35. Qxe4
$2 {Besser war es, die Damen auf dem Brett zu behalten.} (35. Qe2 Qb1+ 36. Kg2
Kg7 $17 {/\Qb3} (36... Qb3 $6 37. Ne5 $132)) 35... Nxe4 $19 {Hier ist sie, die
bessere Damentausch-Version! Das Springerendspiel erweist sich als verloren
für Weiß.} 36. Ne5 Nc3 37. Kf1 (37. a5 bxa5 38. Nd3 Ne4 $19) 37... Nxa4 38. Ke2
Nb2 39. Kd2 f6 40. Nxg6 Nxc4+ 41. Kc3 Nd6 42. f3 Kf7 43. Nf4 Nf5 44. Kd3 Nxg3
45. e4 b5 46. Nd5 c4+ 47. Kd4 Ne2+ 48. Ke3 Nc1 49. Kd4 Nb3+ 50. Kc3 a5 51. Nc7
b4+ 52. Kxc4 Nd2+ 53. Kd3 Nxf3 54. Nd5 Ke6 55. Ne3 Ne5+ 56. Kc2 a4 57. Nf5 Nf7
58. Kd3 b3 59. Ne3 Ng5 0-1

[Event "Excelsior Cup"]
[Site "Gothenburg"]
[Date "2004.01.09"]
[Round "2"]
[White "Bellon Lopez, Juan Manuel"]
[Black "Meijers, Viesturs"]
[Result "1-0"]
[WhiteElo "2429"]
[BlackElo "2499"]
[Annotator "Dautov,R"]
[PlyCount "125"]
[EventDate "2004.01.06"]
[EventType "tourn"]
[EventRounds "9"]
[EventCountry "SWE"]
[EventCategory "9"]
[SourceTitle "CBM 099"]
[Source "ChessBase"]
[SourceDate "2004.03.30"]
[SourceVersion "1"]
[SourceVersionDate "2004.03.30"]
[SourceQuality "1"]

1. d4 Nf6 2. Nf3 e6 3. Bg5 Be7 4. c4 d5 5. Nc3 O-O 6. e3 Nbd7 7. cxd5 exd5 8.
Bd3 b6 $6 {Dieser Übergang zum Tartakower-System ist wenig empfehlenswert.
Deutlich solider und besser ist 8...c6.} (8... c6) 9. Qc2 Bb7 10. h4 $1 {
Eine scharfe und energische Gangart. Der weiße Angriff auf dem Königsflügel
kann sich recht schnell entwickeln.} c5 11. O-O-O Rc8 {V. Mejers spielte die
entstandene Stellung nicht zum ersten Mal, auch der Textzug wurde von ihm
bereits angewandt. Besser scheint dennoch 11...c4 zu sein.} (11... c4 12. Bf5
a6 13. Bxf6 Nxf6 14. g4 g6 15. g5 Nh5 16. Bg4 b5 17. Bxh5 gxh5 18. Ne5 b4 19.
Na4 Bd6 20. f4 Rb8 $13 {Yakovich,Y-Meijers,V/Stockholm 2000}) 12. Bxf6 $1 $146
{Eine starke Neuerung.} Nxf6 13. Bf5 Rb8 14. g4 $14 g6 15. g5 Nh5 16. Bg4 f5 $6
(16... Ng7 17. Ne5 $14) 17. gxf6 $6 {Dies führt zu einem unklaren Spiel,
während Weiß 17.Bxh5! einen komfortablen Vorteil einräumte.} (17. Bxh5 $1 gxh5
18. Kb1 Rc8 19. dxc5 Rxc5 20. Nd4 $16) 17... Nxf6 18. Be6+ Kg7 19. h5 $5 (19.
Ng5 $5) 19... Nxh5 20. Ne5 Qd6 $13 21. Bg4 cxd4 22. exd4 Bg5+ 23. Kb1 Nf6 {
[%mdl 640]} 24. Nb5 $1 {Die Einleitung zu einem spektakulären, wenn auch nicht
ganz korrekten Opfer.} Qe7 25. Rxh7+ $5 Nxh7 26. Qxg6+ Kh8 27. Nd6 Qg7 28. Qe6
$1 Qf6 (28... Bf6 $2 29. Ndf7+ Rxf7 30. Nxf7+ Kg8 31. Nd8+ Kh8 32. Nxb7 Qxb7
33. Bf5 $16) 29. Ng6+ Kg7 30. Nxf8 Nxf8 $2 {Dies sollte zum sofortigen Verlust
führen. Nur mit dem genauen 30...Kxf8! könnte Schwarz das kühne Figurenopfer
in Frage stellen. Es ist jedoch verständlich, daß man in einer scharfen
Stellung leicht den Überblick verliert.} (30... Rxf8 31. Nxb7 Qxe6 32. Bxe6
Rxf2 33. Bxd5 $16) (30... Kxf8 $1 31. Qd7 Qg7 $1 (31... Qe7 $2 32. Qf5+ Bf6 (
32... Nf6 33. Qxg5 Qxd6 34. Qh6+ Kf7 35. Rg1 $16) 33. Rh1 $40) 32. Qf5+ Nf6 {
/\Qh7} 33. Rh1 Ba6 $17) 31. Nf5+ Kh8 32. Rh1+ Nh7 33. Qd7 $18 Qg6 34. Bh5 Qg8
35. Qc7 $2 {Weiß hat bisher exzellent gespielt, aber der Textzug ist ein
klarer Fehler. Möglicherweise befanden sich die Gegner in Zeitnot, denn er
blieb unbestraft.} (35. Bf7 $1 Bc6 36. Qc7 $18) (35. Nd6 $18) 35... Rf8 36. Nd6
Ba6 $2 {36...Bf4! erlaubte Schwarz den willkommenen Damentausch.} (36... Bf4 $1
37. Nf7+ Rxf7 38. Qxf7 Qxf7 39. Bxf7 Kg7 40. Be6 $15) 37. Nf7+ Rxf7 38. Bxf7
$18 {Der weiße Angriff entflammt mit neuer Kraft. Von diesem Moment an läßt
Bellon nicht mehr locker.} Bd3+ 39. Ka1 Qd8 40. Qe5+ Bf6 41. Qg3 Bf5 42. Bg6
Bxg6 43. Qxg6 Qe7 44. Rxh7+ Qxh7 45. Qxf6+ Qg7 46. Qe5 $1 (46. Qxg7+ $2 Kxg7
47. Kb1 Kf6 48. Kc2 Kf5 49. Kd3 Kf4 $11) 46... Kh7 47. a4 {Das Damenendspiel
ist technisch gewonnen für Weiß.} Qd7 (47... Qg1+ 48. Ka2 Qxf2 49. Qxd5 $18)
48. b3 a5 49. Kb2 Qc6 50. Qg5 Qe6 51. Kc3 Qe1+ 52. Qd2 Qa1+ 53. Kd3 Kg6 54. Ke3
Kf6 55. Qc2 Qe1+ 56. Kf4 Qe6 57. Qh7 Qd6+ 58. Kg4 Qe6+ 59. Kg3 Qd6+ 60. f4 Qf8
61. Qc7 Qg8+ 62. Kf3 Ke6 63. f5+ 1-0

[Event "Bundesliga 0102"]
[Site "Germany"]
[Date "2001.11.24"]
[Round "3.4"]
[White "Nikolic, Predrag"]
[Black "Vaganian, Rafael A"]
[Result "1-0"]
[WhiteElo "2652"]
[BlackElo "2650"]
[Annotator "Dautov,R"]
[PlyCount "63"]
[EventDate "2001.10.06"]
[EventType "team-tourn"]
[EventRounds "15"]
[EventCountry "GER"]
[SourceTitle "CBM 087"]
[Source "ChessBase"]
[SourceDate "2002.03.21"]
[SourceVersion "1"]
[SourceVersionDate "2002.03.21"]
[SourceQuality "1"]
[WhiteTeam "Solingen"]
[BlackTeam "Porz"]
[WhiteTeamCountry "GER"]
[BlackTeamCountry "GER"]

1. d4 d5 2. c4 e6 3. Nc3 Be7 4. Nf3 Nf6 5. Bg5 h6 6. Bxf6 Bxf6 7. e3 O-O 8. Qb3
c6 9. Rd1 Nd7 10. Bd3 Qe7 {Vaganian weicht als erster von der 13 Jahre alten
Partie der gleichen Gegner ab.} (10... Rb8 11. Qc2 dxc4 12. Bxc4 b5 $5 13. Be2
Qa5 14. O-O c5 15. a3 $6 (15. dxc5 $142) 15... b4 $1 16. axb4 Qxb4 $15 {
Nikolic,P-Vaganian,R/Luzern 1989}) 11. O-O g6 (11... a5 12. Qc2 Nb6 13. c5 Nd7
14. e4 b6 15. exd5 cxd5 16. c6 Nb8 17. Nb5 Na6 18. a3 Nc7 19. Nxc7 Qxc7 20. b4
$16 {Farago,I-Nikolov,S/Ljubljana 1998/}) 12. Rfe1 dxc4 (12... Bg7 13. cxd5
cxd5 14. Rc1 a6 15. e4 dxe4 16. Nxe4 b5 17. d5 exd5 18. Nc3 Qd6 19. Qxd5 Qxd5
20. Nxd5 Bb7 21. Be4 Rae8 $11 {Piket,J-Kramnik,V/Monte Carlo 2001}) 13. Bxc4 b6
14. e4 Bb7 15. e5 Bg7 $11 {Ähnliche Stellungen sieht man des öfteren in der
Moskauer Variante des Slawischen. Weiß hat mehr Raum und gut postierte Figuren,
Schwarz setzt auf sein Läuferpaar und den chancenreichen Hebel c6-c5. Die
Stellung befindet sich in dynamischem Gleichgewicht.} 16. a4 ({Auf das
voreilige} 16. Ne4 $2 {(mit der Absicht Ne4-d6) ist stets} c5 $1 {sehr stark.})
16... Rfd8 ({Der sofortige Hebel} 16... c5 $2 {wäre wegen} 17. d5 $16 {
fehlerhaft.}) 17. h4 $6 {Etwas verfrüht gespielt, was Vaganian überzeugend
beweist. Der Bauer h4 tendiert in vielen Varianten zu Schwäche.} Rab8 $1 {
Eine gute Idee- der schwarze b-Bauer prescht nach b4 vor, vertreibt den
Springer c3, was die Durchführung von c6-c5 ermöglicht.} 18. Qc2 b5 19. Ba2 (
19. axb5 $2 cxb5 20. Nxb5 Bxf3 21. gxf3 Qxh4 $17) 19... b4 20. Ne4 c5 21. h5
cxd4 $4 {Ein Fehler in der Berechnung, sonst hätte Vaganian niemals die
Demolierung seines Königsflügels zugelassen. Nach dem richtigen 21...gxh5
schwebte Weiß in großer Gefahr.} (21... gxh5 $1 22. dxc5 (22. Nxc5 Bxf3 23.
gxf3 Nxc5 24. Qxc5 Qxc5 25. dxc5 Rxd1 26. Rxd1 b3 $17) 22... Nxe5 23. Nxe5 Bxe5
24. Nd6 (24. Bb1 b3 25. Qe2) 24... Bxd6 25. cxd6 Qg5 $1 (25... Rxd6 26. Rxd6
Qxd6 27. Bxe6 $1 $11) 26. g3 Rbc8 $17) 22. hxg6 $16 b3 (22... Nxe5 23. Nxe5
Bxe5 24. gxf7+ Qxf7 25. Ng5 hxg5 26. Rxe5 $16) 23. gxf7+ Qxf7 24. Bxb3 Rdc8 25.
Bc4 $8 $18 {Der einzige, aber ausreichende Zug. Weiß steht auf Gewinn.} (25.
Qd3 $4 Bxe4 $19 {/\Nc5}) 25... Bxe5 (25... Nxe5 26. Nxe5 Bxe5 27. Ng5 hxg5 28.
Rxe5 $18) (25... Bxe4 26. Rxe4 d3 27. Qd2 $1 $18) 26. Neg5 Qg7 27. Nxe6 Rxc4
28. Qxc4 Qg4 29. Neg5+ Kh8 30. Nf7+ Kg7 31. N7xe5 Nxe5 32. Qc7+ 1-0

[Event "Olympiad-34"]
[Site "Istanbul"]
[Date "2000.11.06"]
[Round "9.2"]
[White "Vallejo Pons, Francisco"]
[Black "Lputian, Smbat G"]
[Result "0-1"]
[WhiteElo "2554"]
[BlackElo "2598"]
[Annotator "Dautov,R"]
[PlyCount "50"]
[EventDate "2000.10.28"]
[EventType "team-swiss"]
[EventRounds "14"]
[EventCountry "TUR"]
[SourceTitle "EXT 2001"]
[Source "ChessBase"]
[SourceDate "2000.11.22"]
[SourceVersion "1"]
[SourceVersionDate "2000.11.22"]
[SourceQuality "1"]
[WhiteTeam "Spain"]
[BlackTeam "Armenia"]
[WhiteTeamCountry "ESP"]
[BlackTeamCountry "ARM"]

1. Nf3 d5 2. d4 e6 3. c4 Nf6 4. Bg5 Be7 5. Nc3 O-O 6. e3 h6 7. Bxf6 Bxf6 8. b4
{Eine seltene Fortsetzung. Weiß greift nach dem Raum am Damenflügel,
vernachlässigt aber dabei seine Entwicklung. Eine ähnliche Idee sieht man in
der Moskauer Variante: 1.d4 d5 2. c4 c6 3.Nc3 Nf6 4.Nf3 e6 5.Bg5 h6 6.Bxf6
Qxf6 7.e3 Nd7 8. a3 g6 9.Rc1 Bg7 10.b4.} c6 (8... Qe7 9. Qb3 c6 10. Rc1 Nd7 11.
cxd5 exd5 12. Bd3 b5 13. a4 a6 14. a5 Re8 15. O-O Nf8 $14 {Grathwohl,R-Mandl,R/
Kirchheim 1982}) 9. Rc1 Nd7 10. Qb3 a5 $1 $146 (10... a6 11. a4 Re8 12. Be2 Nb6
13. Ne5 $2 (13. O-O $14) 13... Bxe5 14. dxe5 Qg5 $17 {Plieger,J-Donev,I/
Vorarlberg 1995}) 11. b5 ({Vorsichtiger war} 11. a3 axb4 12. axb4 Nb6 13. Be2
$11) 11... e5 $1 {Schwarz öffnet die Stellung um seinen Entwicklungsvorsprung
auszunutzen.} 12. cxd5 (12. dxe5 Nxe5 13. Nxe5 Bxe5 14. cxd5 cxd5 15. Nxd5 Be6
16. Bc4 Rc8 17. e4 Bxd5 18. exd5 Qh4 $36) 12... exd4 13. exd4 (13. Nxd4 Bxd4
14. exd4 Qg5 $44) 13... c5 $1 {Dieser dritte in der Serie der energischen
Zügen ist besonders lehrreich, Schwarz öffnet die lange Diagonale für seinen
Bf6 und beginnt das Spiel auf den schwarzen Feldern.} (13... Re8+ $5 14. Be2 c5
$1 15. dxc5 Nxc5 16. Qc4 b6 17. Nd4 Ne4 $36) 14. Ne4 (14. dxc5 Nxc5 15. Qc4 b6
$44) (14. Rd1 a4 15. Qc2 cxd4 16. Nxd4 Nb6 17. Be2 Nxd5 18. O-O Nxc3 19. Qxc3
Qb6 $15) 14... a4 15. Qd3 cxd4 16. Nxd4 Qa5+ 17. Kd1 a3 $1 {/\Qa4 Der
"zentralisierte" weiße König kompensiert leichte Materialeinbußen von Schwarz.
Mit seinem letzten Zug bereitet Lputian einen ungewöhnlichen Posten für den
Bf6 vor, er soll auf b2 "befestigt" werden.} 18. Nb3 Qa4 19. Nxf6+ $2 {Weiß
will die Aufstellung 20..Bb2 und 21..Ne5 (b6) nicht zulassen, gerät aber aus
dem Regen in die Traufe.} (19. Qc4 $142 Qa7 20. Be2 Bb2 21. Rc2 Nb6 $36) 19...
Nxf6 $15 {Die simple Drohung 21...Rd8 ist nun für Weiß sehr unangenehm.} 20.
Rc4 $2 (20. Be2 Rd8 21. Bf3 Bg4 $17) ({Die besten Verteidigungschancen bot der
Übergang in ein schlechteres Endspiel:} 20. Qd4 $142 Rd8 (20... Qxd4+ 21. Nxd4
Nxd5 $15) 21. Qxa4 Rxa4 22. Bc4 Nxd5 $15) 20... Qxb5 $17 21. Rd4 Qb6 22. Be2
Bd7 23. Kd2 Ra4 24. Rb1 Bb5 $1 $19 25. Qxb5 (25. Qc3 Ne4+ $19) (25. Qe3 Re8 $19
) 25... Rxd4+ 0-1